000 00454nam a2200121Ia 4500
008 220216s9999 xx 000 0 und d
100 _aCasela C R
245 0 _aVariability in the sorghum anthracnose fungus Colletotrichum graminicola in Brazil and USA
260 _bIn: Durability of disease resistance (Eds. T. Jacob and J.E. Parlevliet). Netherlands, Kluwer Academic, 1993, pp. 310
_c1993
650 _aRFLP
700 _aFrederiksen R A
942 _cJS
999 _c72090
_d72090